00447nam a2200181 a 4500001001300000003000900013005001700022008004100039020000900080082001900089100001800108245002400126260003500150300000900185500003500194650001800229700001800247nice12345678IN_TiNIC20260116015145.0070726s1989 hyda grp 000 0 tel  ac1500a294.5924bVIN2 aVinoba, Bhave aGita Pravachanamulo aHyderabadbGandhi Darsanc1989 a356p aincludes index and biblioraphy aBhagavad Gita1 aVinoba, Bhave